[Event "Ruhrgebiet Verbandsliga Gruppe 2 1819"]
[Site "Nordrheinwestfalen"]
[Date "2019.03.24"]
[Round "8.6"]
[White "Hajra, Hetem"]
[Black "Woertler, Lars Erik"]
[Result "0-1"]
[WhiteElo "1937"]
[BlackElo "1869"]
[PlyCount "54"]
[EventDate "2018.09.23"]
[EventType "team-tourn"]
[EventRounds "9"]
[EventCountry "GER"]
[SourceTitle "EXT 2022"]
[Source "ChessBase"]
[SourceDate "2021.10.06"]
[SourceVersion "1"]
[SourceVersionDate "2021.10.06"]
[SourceQuality "1"]
[WhiteTeam "Recklinghausen Sued"]
[BlackTeam "Hamm SV"]
[WhiteTeamCountry "GER"]
[BlackTeamCountry "GER"]

1. e4 e6 2. d4 d5 3. exd5 exd5 4. Nf3 Bd6 5. h3 Ne7 6. Bd3 Bf5 7. Be3 Nbc6 8. c3 Qd7 9. Qc2 Bxd3 10. Qxd3 Qf5 11. Qxf5 Nxf5 12. Bd2 0-0-0 13. 0-0 Rde8 14. Re1 f6 15. Rxe8+ Rxe8 16. Kf1 g5 17. b4 h5 18. a3 g4 19. Ng1 g3 20. Ne2 gxf2 21. Kxf2 h4 22. Nf4 Nce7 23. Ra2 Ng3 24. Bc1 c6 25. Ne2 Nef5 26. Kf3 Re4 27. Rc2 b5 0-1

[Event "Ruhrgebiet Verbandsliga Gruppe 2 1819"]
[Site "Nordrheinwestfalen"]
[Date "2018.10.07"]
[Round "2.5"]
[White "Riesenbeck, Juergen"]
[Black "Woertler, Lars Erik"]
[Result "0-1"]
[WhiteElo "2008"]
[BlackElo "1869"]
[PlyCount "78"]
[EventDate "2018.09.23"]
[EventType "team-tourn"]
[EventRounds "9"]
[EventCountry "GER"]
[SourceTitle "EXT 2022"]
[Source "ChessBase"]
[SourceDate "2021.10.06"]
[SourceVersion "1"]
[SourceVersionDate "2021.10.06"]
[SourceQuality "1"]
[WhiteTeam "Essen Katernberg III"]
[BlackTeam "Hamm SV"]
[WhiteTeamCountry "GER"]
[BlackTeamCountry "GER"]

1. Nf3 Nf6 2. g3 g6 3. Bg2 Bg7 4. c4 d6 5. Nc3 0-0 6. d4 Nbd7 7. 0-0 c6 8. Bf4 Re8 9. Qd2 Qc7 10. Rfd1 a5 11. c5 Nh5 12. cxd6 exd6 13. Bg5 Nb6 14. b3 a4 15. Rac1 Be6 16. Qc2 axb3 17. axb3 d5 18. Ra1 Qd6 19. Na4 Nxa4 20. Rxa4 Rxa4 21. bxa4 Ra8 22. Qb3 Qc7 23. Bd2 Nf6 24. Rb1 Bc8 25. Ne1 Ne4 26. Be3 Qa5 27. Ra1 Qc3 28. Qd1 Qc4 29. a5 Nc3 30. Qd3 Nxe2+ 31. Kf1 Qxd3 32. Nxd3 Nxd4 33. Ra4 Ne6 34. Bb6 Bf8 35. Bh3 f5 36. Bg2 Bd6 37. Ke1 Kf7 38. Kd2 Ke7 39. Kc3 Bc7 0-1

[Event "Ruhrgebiet Verbandsliga Gruppe 2 1819"]
[Site "Nordrheinwestfalen"]
[Date "2018.09.23"]
[Round "1.6"]
[White "Schoetz, Hans Joachim"]
[Black "Woertler, Lars Erik"]
[Result "0-1"]
[WhiteElo "1883"]
[BlackElo "1869"]
[PlyCount "48"]
[EventDate "2018.09.23"]
[EventType "team-tourn"]
[EventRounds "9"]
[EventCountry "GER"]
[SourceTitle "EXT 2022"]
[Source "ChessBase"]
[SourceDate "2021.10.06"]
[SourceVersion "1"]
[SourceVersionDate "2021.10.06"]
[SourceQuality "1"]
[WhiteTeam "Boenen SV"]
[BlackTeam "Hamm SV"]
[WhiteTeamCountry "GER"]
[BlackTeamCountry "GER"]

1. e4 c5 2. d3 g6 3. Nf3 Bg7 4. d4 cxd4 5. Nxd4 Nc6 6. Be3 Nf6 7. Nc3 0-0 8. f3 Qb6 9. Ncb5 a6 10. Nf5 Qa5+ 11. Bd2 Qd8 12. Nxg7 axb5 13. Bh6 Kh8 14. Qd2 Rg8 15. g4 Rxg7 16. Bxg7+ Kxg7 17. h4 Qc7 18. Kf2 Qe5 19. c3 d6 20. Bd3 Be6 21. b4 Ra3 22. h5 g5 23. h6+ Kf8 24. Qe2 Rxc3 0-1

[Event "Ruhrgebiet Verbandsliga Gruppe 2 1718"]
[Site "Germany"]
[Date "2018.02.25"]
[Round "7.6"]
[White "Kuipers, Dustin"]
[Black "Woertler, Lars Erik"]
[Result "1/2-1/2"]
[WhiteElo "2039"]
[BlackElo "1843"]
[PlyCount "114"]
[EventDate "2017.09.17"]
[EventType "team-tourn"]
[EventRounds "9"]
[EventCountry "GER"]
[SourceTitle "EXT 2022"]
[Source "ChessBase"]
[SourceDate "2021.10.06"]
[SourceVersion "1"]
[SourceVersionDate "2021.10.06"]
[SourceQuality "1"]
[WhiteTeam "Muelheim Nord III"]
[BlackTeam "Hamm SV"]
[WhiteTeamCountry "GER"]
[BlackTeamCountry "GER"]

1. Nf3 Nf6 2. g3 d5 3. Bg2 Bf5 4. c4 c6 5. cxd5 cxd5 6. Qb3 Qc8 7. Nc3 e6 8. d3 Be7 9. Bf4 0-0 10. Rc1 Nc6 11. 0-0 Qd7 12. e4 Bg4 13. Ne5 Nxe5 14. Bxe5 Rac8 15. exd5 Nxd5 16. Nxd5 exd5 17. Bxd5 b6 18. Rfe1 Rcd8 19. Bc6 Qxd3 20. Qxd3 Rxd3 21. Bxg7 Kxg7 22. Rxe7 Rd2 23. Rxa7 Rxb2 24. Bd5 Bh3 25. a4 Rd2 26. Bg2 Be6 27. Ra8 Rxa8 28. Bxa8 Rb2 29. Bc6 Bh3 30. Bb5 Bf5 31. Kf1 Rb1 32. Rxb1 Bxb1 33. Ke2 Kf6 34. Bd3 Ba2 35. Kd2 h6 36. Kc3 Bd5 37. Kd4 Bc6 38. Bb5 Bf3 39. Ke3 Bd5 40. Kf4 Bb3 41. Bc6 Bc2 42. h4 Bb3 43. Ke4 Ke6 44. Kd4 Kd6 45. Bb5 Bc2 46. f4 f6 47. Be8 Bd1 48. Bb5 Bc2 49. g4 Bd1 50. g5 hxg5 51. hxg5 fxg5 52. fxg5 Ke6 53. Ke4 Bc2+ 54. Kf4 Bb3 55. Be8 Bd1 56. g6 Kf6 57. Ke3 Bxa4 1/2-1/2

[Event "Ruhrgebiet Bezirksliga 16/17"]
[Site "Ruhrgebiet"]
[Date "2017.04.02"]
[Round "10.1"]
[White "Woertler, Lars Erik"]
[Black "Preikschas, Norbert"]
[Result "1/2-1/2"]
[WhiteElo "1867"]
[BlackElo "1766"]
[PlyCount "22"]
[EventDate "2016.08.28"]
[EventType "team-tourn"]
[EventRounds "11"]
[EventCountry "GER"]
[SourceTitle "EXT 2022"]
[Source "ChessBase"]
[SourceDate "2021.10.06"]
[SourceVersion "1"]
[SourceVersionDate "2021.10.06"]
[SourceQuality "1"]
[WhiteTeam "Hamm SV II"]
[BlackTeam "Hamm Koenigsspringer II"]
[WhiteTeamCountry "GER"]
[BlackTeamCountry "GER"]

1. e4 e5 2. Nf3 d6 3. d4 Nf6 4. Nc3 Nbd7 5. Bc4 Be7 6. h3 0-0 7. Be3 c6 8. Bb3 Qc7 9. Qe2 b5 10. Bg5 a5 11. a4 b4 1/2-1/2

[Event "Ruhrgebiet Bezirksliga 16/17"]
[Site "Ruhrgebiet"]
[Date "2016.12.11"]
[Round "5.1"]
[White "Woertler, Lars Erik"]
[Black "Markert, Kurt"]
[Result "1/2-1/2"]
[WhiteElo "1867"]
[BlackElo "1761"]
[PlyCount "80"]
[EventDate "2016.08.28"]
[EventType "team-tourn"]
[EventRounds "11"]
[EventCountry "GER"]
[SourceTitle "EXT 2022"]
[Source "ChessBase"]
[SourceDate "2021.10.06"]
[SourceVersion "1"]
[SourceVersionDate "2021.10.06"]
[SourceQuality "1"]
[WhiteTeam "Hamm SV II"]
[BlackTeam "Kamen SV III"]
[WhiteTeamCountry "GER"]
[BlackTeamCountry "GER"]

1. e4 e5 2. Nf3 Nc6 3. d4 exd4 4. Bc4 h6 5. 0-0 d6 6. Nxd4 Nxd4 7. Qxd4 Nf6 8. e5 dxe5 9. Bxf7+ Ke7 10. Qxd8+ Kxd8 11. Nc3 c6 12. f4 Bc5+ 13. Kh1 e4 14. Bg6 e3 15. Re1 Rf8 16. Bxe3 Bxe3 17. Rxe3 Bd7 18. h3 Nd5 19. Nxd5 cxd5 20. f5 Rc8 21. c3 Bc6 22. Rae1 Rc7 23. Kh2 Rd7 24. R1e2 Kc7 25. g4 d4 26. cxd4 Rxd4 27. Re7+ Rd7 28. Kg3 Kd6 29. R2e6+ Kc7 30. h4 Bd5 31. Re3 Bxa2 32. Rxd7+ Kxd7 33. Ra3 Bd5 34. Rxa7 Rc8 35. Ra5 Kd6 36. Ra3 Rc2 37. Rd3 Rxb2 38. Bf7 Rb5 39. Kf4 Rb4+ 40. Kg3 Rb5 1/2-1/2

[Event "Ruhrgebiet Bezirksliga 15/16"]
[Site "Ruhrgebiet"]
[Date "2016.04.03"]
[Round "9.2"]
[White "Markert, Kurt"]
[Black "Woertler, Lars Erik"]
[Result "0-1"]
[WhiteElo "1757"]
[BlackElo "1806"]
[PlyCount "74"]
[EventDate "2015.08.30"]
[EventType "team-tourn"]
[EventRounds "9"]
[EventCountry "GER"]
[SourceTitle "EXT 2022"]
[Source "ChessBase"]
[SourceDate "2021.10.06"]
[SourceVersion "1"]
[SourceVersionDate "2021.10.06"]
[SourceQuality "1"]
[WhiteTeam "Kamen SV III"]
[BlackTeam "Hamm SVg II"]
[WhiteTeamCountry "GER"]
[BlackTeamCountry "GER"]

1. e4 c5 2. Nc3 g6 3. Nf3 Bg7 4. Bc4 Nc6 5. a3 Nf6 6. d3 a6 7. 0-0 0-0 8. h3 b5 9. Bd5 Bb7 10. Bg5 h6 11. Be3 Nxd5 12. exd5 Nd4 13. Bxd4 cxd4 14. Ne2 Qb6 15. Re1 Rfe8 16. c4 dxc3 17. Nxc3 Qd6 18. Qb3 Bxc3 19. Qxc3 Rac8 20. Qd2 Kg7 21. Re4 Bxd5 22. Rh4 Rh8 23. Re1 Bxf3 24. gxf3 Qf6 25. Qb4 e6 26. Rf4 Qg5+ 27. Rg4 Qc5 28. Qf4 d6 29. Qe4 Rhe8 30. Rg2 e5 31. Kh1 Re6 32. Reg1 Rce8 33. h4 Rf6 34. h5 g5 35. Qh4 Kf8 36. Qe4 Rf4 37. Qh7 Rh4+ 0-1

[Event "Ruhrgebiet Bezirksliga 15/16"]
[Site "Ruhrgebiet"]
[Date "2015.11.22"]
[Round "4.2"]
[White "Woertler, Lars Erik"]
[Black "Medger, Gernot"]
[Result "1/2-1/2"]
[WhiteElo "1804"]
[BlackElo "1779"]
[PlyCount "39"]
[EventDate "2015.08.30"]
[EventType "team-tourn"]
[EventRounds "9"]
[EventCountry "GER"]
[SourceTitle "EXT 2022"]
[Source "ChessBase"]
[SourceDate "2021.10.06"]
[SourceVersion "1"]
[SourceVersionDate "2021.10.06"]
[SourceQuality "1"]
[WhiteTeam "Hamm SVg II"]
[BlackTeam "Boenen SV II"]
[WhiteTeamCountry "GER"]
[BlackTeamCountry "GER"]

1. c4 d6 2. g3 e5 3. Bg2 Nf6 4. Nc3 c6 5. Nf3 Be7 6. 0-0 0-0 7. Rb1 a5 8. a3 Qc7 9. d3 Bd7 10. b4 axb4 11. axb4 Na6 12. Ne1 Qc8 13. Na4 Bd8 14. Be3 Bh3 15. b5 Bxg2 16. Kxg2 Nb8 17. f3 c5 18. Nc3 Nbd7 19. Nc2 h6 20. Bd2 1/2-1/2